| 000 | 00960nam a2200241 u 4500 | ||
|---|---|---|---|
| 001 | 000349093 | ||
| 003 | AM-YeHGA | ||
| 005 | 20250618072202.0 | ||
| 008 | 031126s1976 ai a r 000 0 arm d | ||
| 040 | _aAM-YeHGA | ||
| 041 | 0 | _aarm | |
| 100 | 1 |
_aԱլեքսանյան, Զավեն Հարությունի, _92501 |
|
| 245 | 1 | 0 |
_aՄայրենի լեզու : _bԲ տարի / _cԶ.Հ. Ալեքսանեան, Ա.Ս. Սարմէն, Ս.Մ. Անթոսեան; Խմբ.՝ Ա.Յ. Եափուճեան. |
| 250 | _a4-րդ բարեփոխ. հրատ. | ||
| 260 |
_aԵրևան : _bԼոյս, _c1976. |
||
| 300 |
_a212 էջ : _bնկ. ; _c22 սմ. |
||
| 650 | 1 | 4 |
_aՀայոց լեզու _vԴասագիրք սփյուռքի դպրոցների համար |
| 650 | 1 | 4 |
_aՄայրենի լեզու _94523 |
| 700 | 1 |
_aՍարմեն, _d1901-1984 _91029 |
|
| 700 | 1 | _aԱնթոսեան, Սամուէլ Մինասի | |
| 700 | 1 |
_aԵափուճեան, Ա.Յ. _eխմբ. _4edt |
|
| 090 | _c134730 | ||
| 999 |
_c133363 _d133363 |
||